01155 2200373 4500001002100000005001500021035002000036007000300056040001700059100003000076245014800106250001100254300004100265504002500306020002200331041000800353082001000361084001600371090002300387264003300410336002100443337003000464338002300494500003200517650001900549700004000568700003400608850001000642008004100652990002200693990002200715990002200737990002200759INLIS00000000000856020260518033447 a0010-0922001049ta aSBPUPADbind0 aDwi SuheryantoePengarang1 aNatural Dyes :bEnsiklopedia Zat Warna Alami dari Tumbuhan untuk Industri Batik /cDwi Suheryanto ;Editor,Th Arie Prabawati ;Korektor,A Ria P.u a.-Ed.1 axii,164 hlm :bilus. ;c21,5 x 29 cm aBibliografi, hlm 161 a978-979-29-6065-5 aind a746.6 a746.6 DWI n a746.6 DWI n 23-10 a.--Yogyakarta :bANDI,c2017 2rdacontentateks 2rdamediaatanpa perantara 2rdacarrieravolume aTentang Penulis,hlm 163-164 4aIndustri Batik aEditor,Th Arie PrabawatiePengarang aKorektor,A Ria P.uePengarang aPUPAD260518 0  a27.784/H/DPK/2018 a27.783/H/DPK/2018 a27.785/H/DPK/2018 a27.786/H/DPK/2018